| 000 | 00484nam a22001697a 4500 | ||
|---|---|---|---|
| 003 | OSt | ||
| 005 | 20220411112436.0 | ||
| 008 | 220411b |||||||| |||| 00| 0 eng d | ||
| 020 | _a819037172X | ||
| 040 | _cH.U | ||
| 082 | _a690 | ||
| 100 |
_aShah L.V. _935725 |
||
| 245 |
_aIIIustrated Design of Reinforced Concrete Buildings _bDesign of G+3 Storeyed Builgng +Earthquake Anlysis & Design |
||
| 250 | _a6th | ||
| 260 |
_aIndia _bSTRUCTURE PUBLICATIONS _c2010 |
||
| 942 |
_2ddc _cBOOKS _n0 |
||
| 999 |
_c34638 _d34638 |
||